000
00334nam a2200145Ia 4500
005
20250509052657.0
008
240331s9999 xx 000 0 und d
082
_b
BAL
_a
891
100
_a
Balendran, M
245
0
_a
Ammayee kallu
260
_a
Chennai
_b
Thirumahal Nilaiyam
_c
2006
300
_a
112 p.,
650
_a
Novel
942
_c
L
999
_c
4384
_d
4384